LEADER 02533oam 2200649I 450 001 9910783829403321 005 20230617005947.0 010 $a1-134-54302-6 010 $a1-134-54303-4 010 $a1-280-10806-1 010 $a0-203-98715-2 024 7 $a10.4324/9780203987155 035 $a(CKB)1000000000253173 035 $a(EBL)240435 035 $a(OCoLC)475953671 035 $a(SSID)ssj0000234510 035 $a(PQKBManifestationID)11209643 035 $a(PQKBTitleCode)TC0000234510 035 $a(PQKBWorkID)10237737 035 $a(PQKB)10744176 035 $a(MiAaPQ)EBC240435 035 $a(Au-PeEL)EBL240435 035 $a(CaPaEBR)ebr10099594 035 $a(CaONFJC)MIL10806 035 $a(OCoLC)437154181 035 $a(OCoLC)252953923 035 $a(EXLCZ)991000000000253173 100 $a20180331d2003 uy 0 101 0 $aeng 135 $aur|n|---||||| 181 $ctxt 182 $cc 183 $acr 200 10$aRefiguring history $enew thoughts on an old discipline /$fKeith Jenkins 210 1$aLondon ;$aNew York :$cRoutledge,$d2003. 215 $a1 online resource (88 p.) 300 $aDescription based upon print version of record. 311 $a0-415-24411-0 311 $a0-415-24410-2 320 $aIncludes bibliographical references (p. [71]-74) and index. 327 $aBook Cover; Title; Copyright; Contents; Acknowledgements; Introduction; 1 Opening Times; 2 Last orders; 3 Beginning again; Notes; Index 330 $aIn this engaging sequel to Rethinking History, Keith Jenkins argues for a re-figuration of historical study. At the core of his survey lies the realization that objective and disinterested histories as well as historical 'truth' are unachievable. The past and questions about the nature of history remain interminably open to new and disobedient approaches.Jenkins reassesses conventional history in a bold fashion. His committed and radical study presents new ways of 'thinking history', a new methodology and philosophy and their impact on historical practice.This volume is 606 $aHistory$xPhilosophy 606 $aHistoriography 606 $aHistoricism 615 0$aHistory$xPhilosophy. 615 0$aHistoriography. 615 0$aHistoricism. 676 $a901 686 $a15.02$2bcl 700 $aJenkins$b Keith$f1943,$01526319 801 0$bFlBoTFG 801 1$bFlBoTFG 906 $aBOOK 912 $a9910783829403321 996 $aRefiguring history$93768299 997 $aUNINA LEADER 01496nam 2200433z- 450 001 9910689323403321 005 20161209075245.0 035 $a(CKB)5860000000017594 035 $a(BIP)006471478 035 $a(EXLCZ)995860000000017594 100 $a20220406c2000uuuu -u- - 101 0 $aeng 200 10$aAfrica's energy potential $ehearing before the Subcommittee on Africa of the Committee on International Relations, House of Representatives, One Hundred Sixth Congress, first session, Thursday, March 16, 2000 215 $a1 online resource (551 p.) $cill 311 $a0-16-060910-0 517 $aAfrica's Energy Potential 606 $aEnergy development$zAfrica 606 $aEnergy industries$zAfrica 606 $aPetroleum industry and trade$zAfrica 606 $aGas industry$zAfrica 607 $aUnited States$xForeign economic relations$zAfrica 607 $aAfrica$xForeign economic relations$zUnited States 610 $aEnergy development 610 $aEnergy industries 610 $aPetroleum industry and trade 610 $aGas industry 610 $aUnited States 610 $aAfrica 610 $aTechnology & engineering 610 $aBusiness & economics 610 $aPolitical science 615 0$aEnergy development 615 0$aEnergy industries 615 0$aPetroleum industry and trade 615 0$aGas industry 906 $aBOOK 912 $a9910689323403321 996 $aAfrica's energy potential$93205655 997 $aUNINA